02304nam a2200193 a 450000100080000000500110000800800410001910000180006024500960007826000160017430000100019050001020020052016710030265300280197365300300200165300340203165300220206565300230208716640582011-11-30 2009 bl uuuu m 00u1 u #d1 aCAMPOS, P. M. aInfluência físico-hídrica nos atributos diagnósticos em latossolos do Distrito Federal. a2009.c2009 a99 f. aDissertação (Mestrado em Ciências Agrárias) - Universidade de Brasília, Brasília, DF, 2009. aOs latossolos vermelhos e os latossolos vermelho-amarelos são os solos predominantes no Cerrado. A classe latossolo vermelho ocorre, sobretudo, nos topos das chapadas, enquanto a classe latossolo vermelho-amarelo ocorre principalmente, nas bordas de chapada e divisores, em superfícies planas, sempre adjacentes à classe dos latossolos vermelhos, e se está associado ao desenvolvimento de concreções ferruginosas em superfície do seu perfil. A existência dessas concreções ferruginosas no latossolo vermelho-amarelo pode ser considerada um obstáculo na percolação de água no perfil. A presença do lençol freático acima dessas concreções e, portanto, em contato com o solo, promove um ambiente com deficiência de drenagem interna e de oxigênio, podendo limitar o desenvolvimento da vegetação e possíveis práticas agrícolas. O recurso solo requer um levantamento detalhado devido à variabilidade de latossolos de maior potencial agrícola do Distrito Federal, além de técnicas cada vez mais ágeis em função do acelerado crescimento populacional. Portanto, a caracterização do ambiente físico é ferramenta fundamental para o planejamento, gerenciamento racional do uso do solo e para a conservação deste recurso natural, base de qualquer atividade agrícola sustentável. O presente estudo tem como objetivo avaliar a influência das características físico-hidricas nos atributos morfológicos, químicos, físicos e mineralógicos dos latossolos do Distrito Federal. Palavras chave: concreções ferruginosas, deficiência hídrica interna, atributos morfológicos, químicos, físicos, mineralógicos e profundidade freática. aAtributos morfológicos aConcreções ferruginosas aDeficiência hídrica interna aFísica dos solos aQuímica dos solos